Harry Potter: le Déluminateur - Statistiques

Statistiques générales
  • Ce quiz a été pris 104 fois
  • Le résultat moyen est 6 sur 8
Statistiques - réponses
Information Réponse % Correct
2e propriétaire Ron Weasley
95%
Fabricant Albus Dumbledore
94%
1er propriétaire Albus Dumbledore
94%
Utilisation Absorber, conserver et renvoyer la lumière
93%
Derniere apparition Harry Potter et les Reliques de la Mort
93%
Première apparition Harry Potter à l'école des sorciers
89%
Description Ressemble à un briquet
41%
Autre nom Eteignoir
33%
Aucun quiz correspondant
Distribution des résultats
% des personnes avec chaque résultat
Percentile par nombre de réponses
Votre historique - résultats
Vous n’avez pas pris ce quiz